000 00616nam a22002297a 4500
003 UA-OsUOA
001 114098
007 ta
008 20151015b un ||||| |||| 00| 0 ukr d
100 _aЦибулько В.
090 _a821.161.2
_bЦ56
942 _cBK
040 _aUA-OsUOA
_bukr
_cUA-OsUOA
_dUA-OsUOA
245 _aМайн кайф
_bкнига для народу
300 _a125 с.
955 _a3
041 _aukr
080 _a821.161.2
260 _aЛьвів
_bКальварія
_c2000
650 7 _a82 Література. Літературознавство
_2UDC
999 _c400220
_d400220